ぷよぷよテトリスシリーズのキャラクター - Statistics

General Stats
  • This quiz has been taken 82 times
  • The average score is 36 of 64
Answer Stats
Hint Answer % Correct
旧『ぷよぷよ』シリーズより アルル
88%
『ぷよぷよ7』より りんご
85%
『ぷよぷよ7』より りんご
85%
『ぷよぷよフィーバー』シリーズより シグ
77%
『ぷよぷよフィーバー』シリーズより シグ
77%
『ソニック』シリーズより ソニック
72%
初代『ぷよぷよ』より ウィッチ
71%
『ぷよぷよフィーバー』シリーズより アミティ
71%
『ぷよぷよ7』より まぐろ
71%
旧『ぷよぷよ』シリーズより ウィッチ
71%
旧『ぷよぷよ』シリーズより カーバンクル
71%
『ぷよぷよフィーバー』シリーズより アミティ
71%
『ぷよぷよ7』より まぐろ
71%
初代『ぷよぷよ』より シェゾ
69%
旧『ぷよぷよ』シリーズより シェゾ
69%
初代『ぷよぷよ』より すけとうだら
68%
初代『ぷよぷよ』より サタン
68%
旧『ぷよぷよ』シリーズより すけとうだら
68%
旧『ぷよぷよ』シリーズより サタン
68%
新キャラクター ティ
60%
新キャラクター ジェイ&エル
60%
初代『ぷよぷよ』より ルルー
60%
『ぷよぷよ7』より りすくませんぱい
60%
『ぷよぷよテトリス』より ティ
60%
旧『ぷよぷよ』シリーズより ルルー
60%
『ぷよぷよ7』より りすくませんぱい
60%
新キャラクター オー
58%
新キャラクター エス
58%
『ぷよぷよテトリス』より オー
58%
『ぷよぷよテトリス』より エス
58%
新キャラクター ゼット
57%
『ぷよぷよテトリス』より ゼット
57%
新キャラクター アイ
54%
『ぷよぷよフィーバー』シリーズより ラフィーナ
54%
『ぷよぷよフィーバー』シリーズより クルーク
54%
『ぷよぷよ7』より エコロ
54%
『ぷよぷよテトリス』より アイ
54%
『ぷよぷよフィーバー』シリーズより ラフィーナ
54%
『ぷよぷよフィーバー』シリーズより クルーク
54%
『ぷよぷよ7』より エコロ
54%
新キャラクター エックス
52%
初代『ぷよぷよ』より ドラコケンタウロス
52%
『ぷよぷよフィーバー』シリーズより フェーリ
52%
『ぷよぷよテトリス』より エックス
52%
旧『ぷよぷよ』シリーズより ドラコケンタウロス
52%
『ぷよぷよフィーバー』シリーズより フェーリ
52%
『ぷよぷよフィーバー』シリーズより レムレス
51%
『ぷよぷよフィーバー』シリーズより レムレス
51%
『ぷよぷよフィーバー』シリーズより さかな王子
45%
『ぷよぷよフィーバー』シリーズより アコール先生
43%
『ぷよぷよフィーバー』シリーズより リデル
42%
『ぷよぷよフィーバー』シリーズより あやしいクルーク
42%
新キャラクター マール
40%
『ぷよぷよクロニクル』より アリィ
40%
新キャラクター スクエアス
37%
『ぷよぷよフィーバー』シリーズより ユウちゃん&レイくん
37%
『ぷよぷよクロニクル』より ラフィソル
37%
『ぷよぷよ!!クエスト』より レガムント
37%
『ぷよぷよ!!クエスト』より ローザッテ
34%
旧『ぷよぷよ』シリーズより ハーピー
32%
『ぷよぷよテトリス』より ジェイ&エル
31%
旧『ぷよぷよ』シリーズより セリリ
31%
旧『ぷよぷよ』シリーズより ラグナス
26%
初代『ぷよぷよ』より アルル&カーバンクル
22%
No matching quizzes found
Score Distribution
Percent of People with Each Score
Percentile by Number Answered
Your Score History
You have not taken this quiz